| 000 | 00580nam a2200205Ia 4500 | ||
|---|---|---|---|
| 005 | 20250923145442.0 | ||
| 008 | 008 250917s9999 xx 000 0 eng d | ||
| 037 | _aTextual | ||
| 040 |
_aDSWL _beng _cDSWL |
||
| 041 |
_aeng _2eng |
||
| 084 |
_aYX;50aT, N77 _qDSWL |
||
| 100 |
_aMacmillan, K. _9835454 |
||
| 245 | 0 |
_aEducation Welfare : Strategy and Structures _c by K.Macmillan |
|
| 260 |
_aLondon _bLongman _c1977 |
||
| 300 | _avii,165 p. | ||
| 365 |
_aINR _b37.35 |
||
| 925 | _g37.35 | ||
| 942 |
_cTEXL _hYX;50aT, N77 |
||
| 999 |
_c1451504 _d1451504 |
||